000 00606nam a2200193Ia 4500
003 GCL
005 20240530102406.0
008 140319s9999 xx 000 0 ara d
040 _aGCL /
_cGCL
082 0 4 _a370.15
_bا ت
100 1 _aانور محمد الشرقاوى
245 1 0 _aالتعلم : نظريات وتطبيقات /
_cانور محمد الشرقاوى
250 _aط4
260 _aالقاهرة :
_bمكتبة الانجلوالمصرية ،
_c1991
300 _a461 ص ؛
_b24 سم
650 0 4 _aالتعليم
650 0 4 _aعلم النفس التربوى
942 _2ddc
_cBK
999 _c31915
_d31915